Central Library OPAC University of Rajshahi

Water management and floods in the Fraser River Basin / (Record no. 72429)

MARC details
000 -LEADER
fixed length control field 01047nam a2200265 a 4500
001 - CONTROL NUMBER
control field 72429
003 - CONTROL NUMBER IDENTIFIER
rucl marc code BD-RjUL
005 - DATE AND TIME OF LATEST TRANSACTION
control field 20211209082247.0
008 - FIXED-LENGTH DATA ELEMENTS--GENERAL INFORMATION
fixed length control field 170517s1965 ilua b 000 0 eng d
035 ## - SYSTEM CONTROL NUMBER
System control number (BD-RjUL)72647
040 ## - CATALOGING SOURCE
Original cataloging agency DLC
Transcribing agency ODaWU
Modifying agency OCoLC
-- BD-RjUL
Language of cataloging eng
041 ## - LANGUAGE CODE
Language code of text/sound track or separate title eng
082 ## - DEWEY DECIMAL CLASSIFICATION NUMBER
Edition number 23
Classification number 333.910097112
Author mark and year SEW 1965
100 1# - MAIN ENTRY--PERSONAL NAME
Personal name Sewell, W. R. Derrick.
9 (RLIN) 214209
245 10 - TITLE STATEMENT
Title Water management and floods in the Fraser River Basin /
Statement of responsibility, etc. by W.R. Derrick Sewell.
260 ## - PUBLICATION, DISTRIBUTION, ETC. (IMPRINT)
Place of publication, distribution, etc. Chicago :
Name of publisher, distributor, etc. University of Chicago Press,
Date of publication, distribution, etc. 1965.
300 ## - PHYSICAL DESCRIPTION
Pagination xii, 163 p. :
Illustrations ill. ;
Size 23 cm.
490 1# - SERIES STATEMENT
Series statement University of Chicago. Dept. of Geography. Research paper ;
Volume/sequential designation no. 100
504 ## - BIBLIOGRAPHY, ETC. NOTE
Bibliography, etc Includes bibliography: (p. 154-163)
650 #0 - SUBJECT ADDED ENTRY--TOPICAL TERM
Topical term or geographic name as entry element Water resources development
Geographic subdivision British Columbia
-- Fraser River Watershed.
9 (RLIN) 214210
Topical term or geographic name as entry element Flood damage prevention
Geographic subdivision British Columbia
-- Fraser River Watershed.
9 (RLIN) 214211
830 #0 - SERIES ADDED ENTRY--UNIFORM TITLE
Uniform title University of Chicago. Dept. of Geography. Research paper ;
Volume number/sequential designation no. 100.
942 ## - ADDED ENTRY ELEMENTS (KOHA)
Source of classification or shelving scheme Dewey Decimal Classification
Koha item type Books
Holdings
Lost status Source of classification or shelving scheme Damaged status Not for loan Collection code Permanent Location Current Location Shelving location Date acquired Source of acquisition Cost, normal purchase price Total Checkouts Full call number Date last seen Copy number Koha item type
  Dewey Decimal Classification   Not For Loan Non-fiction Central Library, University of Rajshahi Central Library, University of Rajshahi Reading Room 03/06/1967 Sweets & Zeitlinger 3.00   333.910097112 SEW 1965 17/05/2017 C-1 Books